000 00336 a2200133 4500
020 _a9789392135484
082 _a347.067
_bNAR
100 _aNarayana, P S
245 _aElectronic evidence in a nutshell
260 _aHyderabad:
_bAsia law house,
_c2022.
300 _alxxxvii, 392p.
700 _aPrasad, Jagadish Chandra
942 _cBK
999 _c18513
_d18513